<?xml version="1.0" encoding="UTF-8"?>
<record
    xmlns:xsi="http://www.w3.org/2001/XMLSchema-instance"
    xsi:schemaLocation="http://www.loc.gov/MARC21/slim http://www.loc.gov/standards/marcxml/schema/MARC21slim.xsd"
    xmlns="http://www.loc.gov/MARC21/slim">

  <leader>00539nam a22001577a 4500</leader>
  <controlfield tag="003">OSt</controlfield>
  <controlfield tag="005">20151030104931.0</controlfield>
  <controlfield tag="008">151030b        xxu||||| |||| 00| 0 eng d</controlfield>
  <datafield tag="040" ind1=" " ind2=" ">
    <subfield code="c">RUA</subfield>
  </datafield>
  <datafield tag="082" ind1=" " ind2=" ">
    <subfield code="a">FOR &#x179F;&#x17B6;&#x1793;1989 B115 Or.1</subfield>
  </datafield>
  <datafield tag="100" ind1=" " ind2=" ">
    <subfield code="9">3064</subfield>
    <subfield code="a">&#x179F;&#x17B6;&#x1793; &#x1796;&#x17C5;</subfield>
  </datafield>
  <datafield tag="245" ind1=" " ind2=" ">
    <subfield code="a">&#x1782;&#x17C6;&#x179A;&#x17C4;&#x1784; &#x1793;&#x17B7;&#x1784; &#x179C;&#x17B7;&#x1792;&#x17B6;&#x1793;&#x1780;&#x17B6;&#x179A; &#x178A;&#x17B6;&#x17C6;&#x1788;&#x17BE;&#x17BE;&#x17A1;&#x17BE;&#x1784;&#x179C;&#x17B7;&#x1789; &#x1793;&#x17C5;&#x1783;&#x17BB;&#x17C6;&#x1791;&#x17B9;&#x1780;&#x17A0;&#x17BC;&#x178F; &#x1781;&#x17C1;&#x178F;&#x17D2;&#x178F; &#x1780;&#x17C6;&#x1796;&#x1784;&#x17CB;&#x1786;&#x17D2;&#x1793;&#x17B6;&#x17C6;&#x1784;</subfield>
  </datafield>
  <datafield tag="260" ind1=" " ind2=" ">
    <subfield code="a">Phnom Penh</subfield>
    <subfield code="b">RUA</subfield>
    <subfield code="c">1989</subfield>
  </datafield>
  <datafield tag="300" ind1=" " ind2=" ">
    <subfield code="a">71p.</subfield>
    <subfield code="b">ill.</subfield>
    <subfield code="c">29cm.</subfield>
  </datafield>
  <datafield tag="942" ind1=" " ind2=" ">
    <subfield code="2">ddc</subfield>
    <subfield code="c">FOR</subfield>
  </datafield>
  <datafield tag="999" ind1=" " ind2=" ">
    <subfield code="c">2856</subfield>
    <subfield code="d">2856</subfield>
  </datafield>
  <datafield tag="952" ind1=" " ind2=" ">
    <subfield code="0">0</subfield>
    <subfield code="1">0</subfield>
    <subfield code="2">ddc</subfield>
    <subfield code="4">0</subfield>
    <subfield code="6">FOR_&#x179F;&#x17B6;&#x1793;1989_B115_OR_1_000000000000000</subfield>
    <subfield code="7">0</subfield>
    <subfield code="9">13883</subfield>
    <subfield code="a">LBB</subfield>
    <subfield code="b">LBB</subfield>
    <subfield code="c">B115</subfield>
    <subfield code="d">2015-10-30</subfield>
    <subfield code="o">FOR &#x179F;&#x17B6;&#x1793;1989 B115 Or.1</subfield>
    <subfield code="p">RUA007440</subfield>
    <subfield code="r">2015-10-30</subfield>
    <subfield code="w">2015-10-30</subfield>
    <subfield code="y">FOR</subfield>
  </datafield>
</record>
